Trade unionism and globalization: thoughts from Latin America /

Shranjeno v:
Bibliografske podrobnosti
Glavni avtor: Iranzo, Consuelo
Drugi avtorji: Patruyo, Thanalí
Format: Texto
Oznake: Označite
Brez oznak, prvi označite!

MARC

LEADER 00000 a a2200000 04500
001 48706
003
040
100 |a Iranzo, Consuelo  
245 |a Trade unionism and globalization:   |b thoughts from Latin America /  |c Consuelo Iranzo, Thanalí Patruyo  
700 |a Patruyo, Thanalí  
773 |g volumen 50, número 1, (2001), páginas 57-74  
999 |c 36968  |d 36968